Optimization algorithms for networks and graphs (Record no. 29892)

MARC details
000 -LEADER
fixed length control field 00298nam a2200109Ia 4500
082 ## - DEWEY DECIMAL CLASSIFICATION NUMBER
Classification number 519.254
Item number MIN
100 ## - MAIN ENTRY--AUTHOR NAME
Personal name Minieka, Edward
245 #0 - TITLE STATEMENT
Title Optimization algorithms for networks and graphs
260 ## - PUBLICATION, DISTRIBUTION, ETC. (IMPRINT)
Place of publication New York
Name of publisher Marcel Dekker
Year of publication 1978
942 ## - ADDED ENTRY ELEMENTS (KOHA)
Koha item type Books
Holdings
Withdrawn status Lost status Damaged status Not for loan Home library Current library Date acquired Cost, normal purchase price Full call number Accession Number Koha item type
        RRII Library RRII Library 16/12/2021 19.75 519.254 MIN 10472 Books